000
00316nam a22001457a 4500
003
SGT
005
20260525120329.0
082
_a
531,SHA
100
_a
SHARMA BHARGAVA
245
_a
TEXT BOOK OF MECHANICS
250
_a
5th
260
_b
RATAN PARKASHAN PUBLISHARS
_c
1985
300
_a
640
942
_2
ddc
_c
GF BOOKS
999
_c
34350
_d
34350